| 000 | 00817nac a22002051u 4500 | ||
|---|---|---|---|
| 008 | 101007s2007 cau|||||r|||| 001 0 eng d | ||
| 010 | _a2005935194 | ||
| 020 | _a0495007501 | ||
| 020 | _a9780495007500 | ||
| 082 |
_a320.956 _bPAL |
||
| 100 |
_aPalmer, Monte _920113 |
||
| 245 |
_aThe Politics of the Middle East / _cMonte Palmer |
||
| 250 | _a2nd ed. | ||
| 260 |
_aBelmont,CA. _bThomson Wadsworth , _c2007. |
||
| 300 |
_axiii,394 p. : _bill. ,maps ; _c23 cm. |
||
| 504 | _aIncludes bibliography:p. 341-371 and index | ||
| 650 |
_aMiddle East _x Politics and government _y 20th century _920114 |
||
| 942 |
_cBB _k320.956 PAL _2ddc |
||
| 999 |
_c2294 _d2294 |
||